LEADER 01364nam a2200265 i 4500 001 000000181513 003 CaOOAMICUS 005 20090909000000.0 008 090909s2004 it u000 u ita u 013 $a159384 040 $aSeMil$bita 100 1 $aViscardi, Fabio <1957->.$0(OLS)http://semarc/name/18217 245 10$aCento anni di storia del cinema :$bpercorsi cinematografici tra episodi significativi, linguaggi e generi del racconto /$cFabio Viscardi. 250 $a2. edizione. 260 $a[S.l.] :$bSeminario Arcivescovile di Milano,$c2004. 300 $a99 p. ;$c21 cm. 490 0 $aQuaderni di S. Pietro Martire 490 0 $aQuaderni di S. Pietro Martire. Serie Intelligenza della fede ;$v18 500 $aIn testa al front : Comunità Propedeutica e del Biennio Teologico. 830 0$aQuaderni di S. Pietro Martire.$0(OLS)http://semarc/title/19757 830 0$aQuaderni di S. Pietro Martire. Serie Intelligenza della fede ;$v18.$0(OLS)http://semarc/title/19763 850 $aSeMil 852 $aSeMil$W1$xVenegono$y1$m5D V 25/21$j132248$B132248$CSeMilBibl$Z2$F144110 $81 996 $6245$aCento anni di storia del cinema :$bpercorsi cinematografici tra episodi significativi, linguaggi e generi del racconto$9(OLS)http://semarc/title/260562 996 $6260$a[S.l.] :$bSeminario Arcivescovile di Milano$9(OLS)http://semarc/publisher/44246 LEADER 01047nam a2200253 i 4500 001 000000219152 003 CaOOAMICUS 005 20130312000000.0 008 130312s1978 it u000 u ita u 013 $a198049 040 $aSeMil$bita 100 1 $aCharpentier, Étienne <1930-1981>.$0(OLS)http://semarc/name/89174 240 14$aLes miracles de l'Evangile.$0(OLS)http://semarc/title/314458 245 12$aI miracoli del Vangelo /$cEtienne Charpentier ... [et al.]. 260 $aTorino :$bGribaudi,$c1978. 300 $a59 p. ;$c19x19 cm. 490 0 $aBibbia oggi : strumenti per vivere la parola ;$v4 650 4$aBibbia - NT - Miracoli.$0(OLS)http://semarc/subject/9407 830 0$aBibbia oggi ;$v4.$0(OLS)http://semarc/title/14910 850 $aSeMil 852 $aSeMil$W1$xVenegono$y1$m2W II 88$j169517$B169517$CSeMilBibl$Z2$F180514 $81 961 $aOmaggio: Tremolada don Pierantonio 996 $6245$aI miracoli del Vangelo$9(OLS)http://semarc/title/314457 996 $6260$aTorino :$bGribaudi$9(OLS)http://semarc/publisher/31540